000 00282nam a2200109Ia 4500
001 1268738
005 20260417145256.0
008 260417s9999 xx 000 0 und d
020 _a9786255888457
245 0 _aYanlışlıkla Seçilen Kahraman
_cÖmer Ünal
260 _bKetebe Genç
999 _c1268738
_d1268738